[Event "Naantali op"]
[Site "Naantali"]
[Date "2014.07.06"]
[Round "9"]
[White "Rantamo, Keijo"]
[Black "Leino, Pauli"]
[Result "0-1"]
[WhiteElo "1801"]
[BlackElo "1890"]
[PlyCount "74"]
[EventDate "2014.06.30"]
[EventType "swiss"]
[EventRounds "9"]
[EventCountry "FIN"]
[SourceTitle "CBM 161 Extra"]
[Source "ChessBase"]
[SourceDate "2014.08.29"]
[SourceVersion "1"]
[SourceVersionDate "2014.08.29"]
[SourceQuality "1"]

1. d4 Nf6 2. c4 e6 3. Nc3 Bb4 4. Qc2 d6 5. Nf3 Qe7 6. Bd2 0-0 7. e3 e5 8. d5 Nbd7 9. a3 Bxc3 10. Bxc3 b6 11. e4 Ne8 12. b4 g6 13. Bd3 Ng7 14. 0-0 f5 15. Rac1 f4 16. Qb2 g5 17. c5 g4 18. cxd6 cxd6 19. Nd2 h5 20. f3 Qh4 21. Nc4 Rf6 22. Nxd6 Rxd6 23. Bxe5 g3 24. h3 Nxe5 25. Rc7 Rg6 26. Rxc8+ Rxc8 27. Qxe5 Qf6 28. Qxf6 Rxf6 29. e5 Rh6 30. Re1 Kf8 31. Kf1 Rc3 32. Bb5 Nf5 33. Re4 Ne3+ 34. Ke2 Nxd5 35. Kd2 Re3 36. Rxf4+ Nxf4 37. Kxe3 Nxg2+ 0-1

[Event "FIN-ch op"]
[Site "Naantali"]
[Date "2013.07.02"]
[Round "3"]
[White "Rantamo, Keijo"]
[Black "Paasikangas, Eino"]
[Result "0-1"]
[WhiteElo "1879"]
[BlackElo "1541"]
[PlyCount "102"]
[EventDate "2013.07.01"]
[EventType "swiss"]
[EventRounds "9"]
[EventCountry "FIN"]
[SourceTitle "EXT 2014"]
[Source "ChessBase"]
[SourceDate "2013.11.20"]
[SourceVersion "1"]
[SourceVersionDate "2013.11.20"]
[SourceQuality "1"]

1. d4 d5 2. Nf3 Nf6 3. Bf4 e6 4. e3 c5 5. dxc5 Bxc5 6. Nbd2 0-0 7. Be2 Nc6 8. 0-0 Re8 9. Nb3 Bb6 10. Bg5 h6 11. Bh4 e5 12. c3 Qd6 13. Bxf6 Qxf6 14. Qxd5 Be6 15. Qb5 Bg4 16. Nbd2 Rac8 17. h3 Bd7 18. Qb3 Qg6 19. Kh2 Bc7 20. e4 b6 21. Bc4 Na5 22. Qc2 Nxc4 23. Nxc4 Bb8 24. Rfd1 Bc6 25. Nfd2 f5 26. Ne3 fxe4 27. Rf1 Qg5 28. Qb3+ Kh8 29. Qf7 Rf8 30. Qe6 Bb7 31. Qg4 Qe7 32. Rad1 Rf4 33. Qg6 Rcf8 34. Kg1 R8f6 35. Qh5 Rd6 36. Nf5 Rxf5 37. Qxf5 Rf6 38. Qg4 Kh7 39. Nb3 Rg6 40. Qd7 Qg5 41. g3 Ba6 42. Rfe1 Bd3 43. Nc1 Bc2 44. Rd2 Ba4 45. Qd8 Qf4 46. Ne2 Qf3 47. Qxb8 e3 48. Nd4 exf2+ 49. Kf1 Qh1+ 50. Kxf2 Rf6+ 51. Ke2 Qe4# 0-1

[Event "FIN-ch op"]
[Site "Naantali"]
[Date "2013.07.01"]
[Round "1"]
[White "Rantamo, Keijo"]
[Black "Valkama, Eero"]
[Result "0-1"]
[WhiteElo "1879"]
[BlackElo "1881"]
[PlyCount "82"]
[EventDate "2013.07.01"]
[EventType "swiss"]
[EventRounds "9"]
[EventCountry "FIN"]
[SourceTitle "EXT 2014"]
[Source "ChessBase"]
[SourceDate "2013.11.20"]
[SourceVersion "1"]
[SourceVersionDate "2013.11.20"]
[SourceQuality "1"]

1. d4 Nf6 2. c4 e6 3. Nc3 Bb4 4. Qc2 c5 5. e3 0-0 6. Nf3 b6 7. Bd3 Bb7 8. e4 d5 9. cxd5 exd5 10. e5 Ne4 11. 0-0 f5 12. a3 Bxc3 13. bxc3 c4 14. Be2 Nc6 15. Nd2 Ng5 16. f4 Ne6 17. Qd1 b5 18. Nf3 Na5 19. Be3 Bc6 20. Nd2 Nb7 21. Rf3 Qe7 22. Rh3 a5 23. Qc2 g6 24. Nf3 b4 25. Qd2 bxc3 26. Qxc3 a4 27. Qc1 Na5 28. Bd1 Nb3 29. Bxb3 axb3 30. Bd2 Rfb8 31. Qb2 h5 32. Rg3 Be8 33. Ng5 Nd8 34. Be1 Ra4 35. Bd2 Rba8 36. Bb4 Qxb4 37. e6 Rxa3 38. Rb1 Ra2 39. Qc1 Qd2 40. Qe1 Qxe1+ 41. Rxe1 b2 0-1

[Event "Naantali Summer op"]
[Site "Naantali"]
[Date "2009.06.??"]
[Round "1"]
[White "Lyly, Seppo"]
[Black "Rantamo, Keijo"]
[Result "1/2-1/2"]
[WhiteElo "2013"]
[BlackElo "1935"]
[PlyCount "58"]
[EventDate "2009.06.29"]
[EventType "swiss"]
[EventRounds "9"]
[EventCountry "FIN"]
[SourceTitle "EXT 2022"]
[Source "ChessBase"]
[SourceDate "2021.10.06"]
[SourceVersion "1"]
[SourceVersionDate "2021.10.06"]
[SourceQuality "1"]

1. e4 d6 2. d4 Nf6 3. Nc3 g6 4. f4 Bg7 5. Nf3 0-0 6. Be2 Nbd7 7. 0-0 c5 8. Kh1 cxd4 9. Nxd4 Nc5 10. Bf3 Qb6 11. e5 dxe5 12. fxe5 Nfd7 13. Nd5 Qd8 14. Bg5 f6 15. exf6 exf6 16. Bf4 Ne5 17. Re1 Be6 18. Nxe6 Nxe6 19. Bxe5 fxe5 20. c3 Ng5 21. Bg4 Rf2 22. Re2 Qf8 23. Kg1 Rxe2 24. Bxe2 Rd8 25. Qb3 Kh8 26. Qc4 Qf7 27. Ne3 Qxc4 28. Bxc4 Rd2 29. Rd1 Rxd1+ 1/2-1/2